ANSEL'S PHARMACEUTICAL DOSAGE FORMS AND DRUG DELIVERY SYSTEMS (Record no. 8277)

MARC details
000 -LEADER
fixed length control field 00498nam a22001817a 4500
005 - DATE AND TIME OF LATEST TRANSACTION
control field 20230403155037.0
008 - FIXED-LENGTH DATA ELEMENTS--GENERAL INFORMATION
fixed length control field 230401b |||||||| |||| 00| 0 eng d
020 ## - INTERNATIONAL STANDARD BOOK NUMBER
ISBN 978-9393553-52-2
041 ## - LANGUAGE CODE
Language code of text/sound track or separate title eng
082 ## - DEWEY DECIMAL CLASSIFICATION NUMBER
Classification number 615. ALL-A
100 ## - MAIN ENTRY--AUTHOR NAME
Personal name ALLEN,COVD V. AND MC . PHERSON, TIMOTHY
245 ## - TITLE STATEMENT
Title ANSEL'S PHARMACEUTICAL DOSAGE FORMS AND DRUG DELIVERY SYSTEMS
250 ## - EDITION STATEMENT
Edition statement 12th ed.
260 ## - PUBLICATION, DISTRIBUTION, ETC. (IMPRINT)
Name of publisher WOLTER
Year of publication 2023
300 ## - PHYSICAL DESCRIPTION
Number of Pages 656;P.
650 ## - SUBJECT ADDED ENTRY--TOPICAL TERM
Topical Term PHARMACY
General subdivision B. PHARMA
942 ## - ADDED ENTRY ELEMENTS (KOHA)
Koha item type Books
Holdings
Lost status Damaged status Collection code Home library Current library Shelving location Date acquired Source of acquisition Cost, normal purchase price Full call number Accession Number Koha item type
    Reference JRU Library JRU Library SHELF-3-A 27/03/2023 LOHIA BOOK INTERNATIONAL 1775.00 615. ALL-A 27659 Books
    PHARMACY JRU Library JRU Library SHELF-19-A 27/03/2023 LOHIA BOOK INTERNATIONAL 1775.00 615. ALL-A 27660 Books